[Event "Titled Tuesday intern op 01st Apr Late"]
[Site "Chess.com INT"]
[Date "2025.04.01"]
[Round "7"]
[White "Gokerkan, Cem Kaan"]
[Black "Javakhadze, Zurab"]
[Result "0-1"]
[WhiteElo "2489"]
[BlackElo "2412"]
[PlyCount "102"]
[EventDate "2025.04.01"]
[EventType "swiss (blitz)"]
[EventRounds "11"]
[EventCountry "USA"]
[SourceTitle "CB21_2025"]
[SourceDate "2025.05.21"]
[SourceVersion "1"]
[SourceVersionDate "2025.05.21"]
[SourceQuality "1"]

1. e4 c5 2. c3 d5 3. exd5 Qxd5 4. d4 Nc6 5. Nf3 Nf6 6. Be2 e6 7. 0-0 cxd4 8. cxd4 Be7 9. Nc3 Qd6 10. Qc2 0-0 11. Rd1 a6 12. Bg5 Nb4 13. Qb3 Nbd5 14. Ne5 b5 15. Bf3 Ra7 16. Rac1 Bb7 17. Bxf6 Nxf6 18. Bxb7 Rxb7 19. Ne2 Rc7 20. Rxc7 Qxc7 21. Rc1 Qb7 22. Qf3 Qxf3 23. Nxf3 Nd5 24. Ne5 Bf6 25. Rc6 Nb4 26. Rb6 Bd8 27. Rb7 Nxa2 28. g3 Nb4 29. Nd7 Re8 30. Nf4 Bg5 31. Ne2 Rd8 32. h4 Bf6 33. Kg2 h6 34. Kf3 Nd3 35. Ke3 Nxb2 36. Ra7 Nc4+ 37. Kd3 a5 38. Rb7 Nd6 39. Ra7 a4 40. Nc3 Rc8 41. f4 Nf5 42. Nxb5 Nxg3 43. Nxf6+ gxf6 44. Rxa4 Nf5 45. Ra7 Nxh4 46. Nd6 Rf8 47. Ke4 f5+ 48. Ke5 Ng6+ 49. Kf6 Nxf4 50. Nxf7 h5 51. Rb7 h4 0-1

[Event "Titled Tuesday intern op 01st Apr Early"]
[Site "Chess.com INT"]
[Date "2025.04.01"]
[Round "6"]
[White "Javakhadze, Zurab"]
[Black "Dawda, Vihaan"]
[Result "1-0"]
[WhiteElo "2412"]
[BlackElo "2228"]
[PlyCount "163"]
[EventDate "2025.04.01"]
[EventType "swiss (blitz)"]
[EventRounds "11"]
[EventCountry "USA"]
[SourceTitle "CB15_2025"]
[SourceDate "2025.04.09"]
[SourceVersion "1"]
[SourceVersionDate "2025.04.09"]
[SourceQuality "1"]

1. e4 c5 2. Nf3 d6 3. c3 Nf6 4. h3 e5 5. Bd3 Nc6 6. 0-0 Be7 7. Bc2 0-0 8. Re1 Re8 9. d4 cxd4 10. cxd4 exd4 11. Nxd4 h6 12. Nc3 Bf8 13. Bf4 Ne5 14. Bb3 a6 15. Qd2 b5 16. Rad1 Nc4 17. Bxc4 bxc4 18. f3 Rb8 19. Kh1 Qb6 20. Re2 Bd7 21. Nc2 Be6 22. Ne3 Red8 23. Ncd5 Bxd5 24. Nxd5 Nxd5 25. Qxd5 Qb5 26. Rc2 Rbc8 27. Rcd2 Qa4 28. b3 cxb3 29. axb3 Qb4 30. Rd4 Qc3 31. R4d3 Qb4 32. Bd2 Qb6 33. Ba5 Qf2 34. Bxd8 Rxd8 35. e5 Qg3 36. Qe4 Re8 37. f4 Qh4 38. Qd5 dxe5 39. fxe5 Qf4 40. Rf3 Qxe5 41. Qxf7+ Kh8 42. Qg6 a5 43. Qf5 Qb2 44. Qxa5 Qe2 45. Qd2 Qe5 46. Qc3 Qg5 47. Qd3 Qe5 48. Qf5 Qb2 49. Qd3 Qe5 50. Qd7 Qe2 51. Rff1 Rb8 52. Rde1 Qb2 53. Re8 Rxe8 54. Qxe8 Kh7 55. Qxf8 Qxb3 56. Qf5+ Kh8 57. Qf8+ Kh7 58. Qf7 Qc3 59. Qf2 Qe5 60. Qf5+ Qxf5 61. Rxf5 Kg6 62. Ra5 Kf6 63. g4 Kg6 64. Kg2 Kf6 65. Kf3 Kg6 66. Kf4 Kf6 67. Ra6+ Kf7 68. Kf5 Kg8 69. Kg6 Kf8 70. Ra8+ Ke7 71. Kxg7 h5 72. gxh5 Ke6 73. h6 Ke5 74. h7 Ke4 75. h8Q Ke3 76. Qf8 Ke2 77. Re8+ Kd2 78. Re7 Kc2 79. Qd8 Kb2 80. Rc7 Ka2 81. Qb8 Ka1 82. Ra7# 1-0

[Event "Titled Tuesday intern op 01st Apr Late"]
[Site "Chess.com INT"]
[Date "2025.04.01"]
[Round "10"]
[White "Javakhadze, Zurab"]
[Black "Wagner, Dennis"]
[Result "1-0"]
[WhiteElo "2412"]
[BlackElo "2607"]
[PlyCount "155"]
[EventDate "2025.04.01"]
[EventType "swiss (blitz)"]
[EventRounds "11"]
[EventCountry "USA"]
[SourceTitle "CB21_2025"]
[SourceDate "2025.05.21"]
[SourceVersion "1"]
[SourceVersionDate "2025.05.21"]
[SourceQuality "1"]

1. Nf3 c5 2. g3 d5 3. Bg2 Nc6 4. 0-0 Nf6 5. d4 e6 6. c4 dxc4 7. Ne5 Bd7 8. Nxc6 Bxc6 9. Bxc6+ bxc6 10. Qa4 cxd4 11. Qxc6+ Nd7 12. Qxc4 Bc5 13. Nd2 0-0 14. Ne4 Bb6 15. b3 Rc8 16. Qd3 f5 17. Nd2 e5 18. Ba3 e4 19. Qb5 Bc5 20. Bxc5 Rxc5 21. Qb4 Qf6 22. Rac1 Rfc8 23. Rxc5 Rxc5 24. Nc4 h5 25. Rd1 Kh7 26. Qb7 Nb6 27. Qxa7 Rc6 28. Nxb6 Rxb6 29. a4 h4 30. a5 Rxb3 31. Qxd4 Qxd4 32. Rxd4 h3 33. f3 e3 34. Rh4+ Kg6 35. Rxh3 Ra3 36. f4 Rxa5 37. Kg2 Ra3 38. Kf3 Kf6 39. Rh8 Kf7 40. Rd8 g6 41. Rd3 Ra1 42. Rxe3 Rh1 43. Kg2 Ra1 44. Re5 Ra2 45. h3 Rb2 46. g4 Kf6 47. Kf3 Rb3+ 48. Re3 Rb1 49. Ra3 Rf1+ 50. Kg3 Re1 51. Kf2 Rh1 52. Ra6+ Kf7 53. Kg2 Re1 54. Kf2 Rh1 55. Ra3 Kf6 56. g5+ Kf7 57. Ra7+ Kg8 58. Ke3 Rxh3+ 59. Kd4 Rh2 60. e3 Re2 61. Re7 Kf8 62. Re6 Kf7 63. Rf6+ Kg7 64. Rc6 Re1 65. Rc7+ Kf8 66. Rc3 Kf7 67. Ke5 Ke7 68. Rc7+ Kd8 69. Rg7 Rxe3+ 70. Kf6 Re4 71. Rxg6 Rxf4 72. Rg8+ Kd7 73. g6 Rf1 74. g7 f4 75. Rf8 f3 76. g8Q f2 77. Qe6+ Kc7 78. Rc8+ 1-0

[Event "Titled Tuesday intern op 01st Apr Late"]
[Site "Chess.com INT"]
[Date "2025.04.01"]
[Round "9"]
[White "Meskovs, Nikita"]
[Black "Javakhadze, Zurab"]
[Result "1/2-1/2"]
[WhiteElo "2539"]
[BlackElo "2412"]
[PlyCount "70"]
[EventDate "2025.04.01"]
[EventType "swiss (blitz)"]
[EventRounds "11"]
[EventCountry "USA"]
[SourceTitle "CB21_2025"]
[SourceDate "2025.05.21"]
[SourceVersion "1"]
[SourceVersionDate "2025.05.21"]
[SourceQuality "1"]

1. Nf3 Nf6 2. c4 e6 3. e3 b6 4. b3 Bb7 5. Bb2 Be7 6. g3 0-0 7. Bg2 d5 8. 0-0 Nbd7 9. Nc3 Nc5 10. d4 Nce4 11. cxd5 Nxc3 12. Bxc3 Bxd5 13. Qe2 Rc8 14. Qa6 c5 15. dxc5 Bxc5 16. Rad1 Ne4 17. Ba1 Qe7 18. Nd2 Bb7 19. Qa4 Ng5 20. h4 Bxg2 21. Kxg2 Qb7+ 22. f3 Bxe3 23. hxg5 Rc2 24. Rfe1 Bxg5 25. Qd4 f6 26. Rxe6 Qc8 27. Rd6 Re8 28. Qd5+ Kh8 29. f4 Qg4 30. Re1 Re2+ 31. Rxe2 Qxe2+ 32. Kh3 Qh5+ 33. Kg2 Qe2+ 34. Kh3 Qh5+ 35. Kg2 Qe2+ 1/2-1/2

[Event "Titled Tuesday intern op 11th Mar Early"]
[Site "Chess.com INT"]
[Date "2025.03.11"]
[Round "3"]
[White "Baradaran Tamadon, Arian"]
[Black "Javakhadze, Zurab"]
[Result "1-0"]
[WhiteElo "2308"]
[BlackElo "2412"]
[PlyCount "63"]
[EventDate "2025.03.11"]
[EventType "swiss (blitz)"]
[EventRounds "11"]
[EventCountry "USA"]
[SourceTitle "CB12_2025"]
[SourceDate "2025.03.19"]
[SourceVersion "1"]
[SourceVersionDate "2025.03.19"]
[SourceQuality "1"]

1. Nf3 Nf6 2. b3 d6 3. Bb2 e5 4. d3 Nc6 5. g3 g6 6. Bg2 Bg7 7. 0-0 0-0 8. e4 h6 9. Re1 Nh7 10. d4 Ng5 11. Nxg5 Qxg5 12. dxe5 dxe5 13. Nc3 Bg4 14. Qc1 Nd4 15. Qxg5 hxg5 16. Rac1 c6 17. h3 Nf3+ 18. Bxf3 Bxf3 19. g4 f5 20. exf5 gxf5 21. gxf5 Rxf5 22. Ne4 g4 23. Ng3 Rf4 24. Bxe5 Bxe5 25. Rxe5 gxh3 26. Rce1 Raf8 27. Rg5+ Kf7 28. Re3 Bd5 29. Nh5 h2+ 30. Kxh2 Rxf2+ 31. Kg1 Rxc2 32. Rg7# 1-0

[Event "Titled Tuesday intern op 11th Mar Early"]
[Site "Chess.com INT"]
[Date "2025.03.11"]
[Round "8"]
[White "Javakhadze, Zurab"]
[Black "Blomqvist, Erik"]
[Result "0-1"]
[WhiteElo "2412"]
[BlackElo "2460"]
[PlyCount "58"]
[EventDate "2025.03.11"]
[EventType "swiss (blitz)"]
[EventRounds "11"]
[EventCountry "USA"]
[SourceTitle "CB12_2025"]
[SourceDate "2025.03.19"]
[SourceVersion "1"]
[SourceVersionDate "2025.03.19"]
[SourceQuality "1"]

1. Nf3 d5 2. g3 Nd7 3. d4 Nb6 4. b3 Bf5 5. Bb2 h6 6. Nbd2 Nf6 7. c4 e6 8. Bg2 c6 9. 0-0 Be7 10. Ne5 0-0 11. e3 a5 12. a3 Nbd7 13. Qe2 Qb6 14. c5 Qa6 15. Qxa6 Rxa6 16. Nxd7 Nxd7 17. Rfc1 Rb8 18. Bf1 Ra7 19. b4 b6 20. Bc3 bxc5 21. bxc5 e5 22. dxe5 Bxc5 23. Bd4 Bxd4 24. exd4 c5 25. dxc5 Nxe5 26. c6 Rc7 27. Rc5 Be6 28. Rac1 Rb6 29. f4 Rbxc6 0-1

[Event "Titled Tuesday intern op 11th Mar Early"]
[Site "Chess.com INT"]
[Date "2025.03.11"]
[Round "5"]
[White "Sammed Jaykumar, Shete"]
[Black "Javakhadze, Zurab"]
[Result "0-1"]
[WhiteElo "2391"]
[BlackElo "2412"]
[PlyCount "80"]
[EventDate "2025.03.11"]
[EventType "swiss (blitz)"]
[EventRounds "11"]
[EventCountry "USA"]
[SourceTitle "CB12_2025"]
[SourceDate "2025.03.19"]
[SourceVersion "1"]
[SourceVersionDate "2025.03.19"]
[SourceQuality "1"]

1. Nf3 c5 2. g3 Nc6 3. Bg2 g6 4. 0-0 Bg7 5. e3 Nf6 6. d4 cxd4 7. exd4 d5 8. c3 0-0 9. h3 b5 10. Re1 Bb7 11. Nbd2 b4 12. Nb3 bxc3 13. bxc3 Nd7 14. Bf4 Re8 15. Rb1 Rc8 16. Ne5 Ndxe5 17. dxe5 e6 18. Nd4 Ba6 19. Qa4 Qa5 20. Qxa5 Nxa5 21. Nb5 Bxb5 22. Rxb5 Nc4 23. Rb7 a5 24. Bf1 Rc6 25. h4 h6 26. Reb1 Rec8 27. Bxc4 Rxc4 28. Ra7 R8c7 29. Rxa5 Rxc3 30. Ra8+ Kh7 31. a4 g5 32. hxg5 hxg5 33. Bxg5 Bxe5 34. a5 Bd4 35. a6 Rxg3+ 36. Kf1 Rxg5 37. Rb7 Rc1+ 38. Ke2 Rf5 39. a7 Rxf2+ 40. Kd3 Rd1# 0-1

[Event "Titled Tuesday intern op 04th Mar Early"]
[Site "Chess.com INT"]
[Date "2025.03.04"]
[Round "9"]
[White "Gutierrez Olivares, Daniel"]
[Black "Javakhadze, Zurab"]
[Result "1-0"]
[WhiteElo "2354"]
[BlackElo "2412"]
[PlyCount "47"]
[EventDate "2025.03.04"]
[EventType "swiss (blitz)"]
[EventRounds "11"]
[EventCountry "USA"]
[SourceTitle "CB11_2025"]
[SourceDate "2025.03.12"]
[SourceVersion "1"]
[SourceVersionDate "2025.03.12"]
[SourceQuality "1"]

1. Nf3 Nf6 2. g3 b5 3. Bg2 Bb7 4. Na3 a6 5. b3 e5 6. Bb2 e4 7. Nd4 c5 8. Nf5 d5 9. c4 b4 10. Nc2 d4 11. d3 g6 12. Nh4 Bg7 13. 0-0 0-0 14. e3 dxe3 15. fxe3 Ra7 16. d4 Nbd7 17. dxc5 Qe7 18. Nxb4 Nxc5 19. Bd4 Rd8 20. Qd2 Raa8 21. Qc3 Nh5 22. Rad1 Ne6 23. Nd5 Bxd5 24. cxd5 1-0

[Event "Titled Tuesday intern op 04th Mar Early"]
[Site "Chess.com INT"]
[Date "2025.03.04"]
[Round "2"]
[White "Javakhadze, Zurab"]
[Black "Todorovic, Bojan"]
[Result "1-0"]
[WhiteElo "2412"]
[BlackElo "2130"]
[PlyCount "61"]
[EventDate "2025.03.04"]
[EventType "swiss (blitz)"]
[EventRounds "11"]
[EventCountry "USA"]
[SourceTitle "CB11_2025"]
[SourceDate "2025.03.12"]
[SourceVersion "1"]
[SourceVersionDate "2025.03.12"]
[SourceQuality "1"]

1. d4 Nf6 2. c4 g6 3. Nc3 Bg7 4. e4 d6 5. Nf3 0-0 6. Be2 c5 7. d5 e6 8. 0-0 exd5 9. cxd5 a6 10. a4 Bg4 11. Nd2 Bxe2 12. Qxe2 Re8 13. Nc4 Qc7 14. Bf4 Bf8 15. e5 Nh5 16. exd6 Qd8 17. Qf3 Nxf4 18. Qxf4 Nd7 19. Rfe1 b5 20. axb5 axb5 21. Nxb5 Rxa1 22. Rxa1 Nf6 23. Qf3 Bg7 24. g3 Ne4 25. Nc7 Ng5 26. Qd3 Rf8 27. h4 Nh3+ 28. Kg2 Qd7 29. Rh1 Nf4+ 30. gxf4 Qg4+ 31. Qg3 1-0

[Event "Titled Tuesday intern op 04th Mar Early"]
[Site "Chess.com INT"]
[Date "2025.03.04"]
[Round "1"]
[White "Szente Varga, Fruzsina"]
[Black "Javakhadze, Zurab"]
[Result "1-0"]
[WhiteElo "2083"]
[BlackElo "2412"]
[PlyCount "87"]
[EventDate "2025.03.04"]
[EventType "swiss (blitz)"]
[EventRounds "11"]
[EventCountry "USA"]
[SourceTitle "CB11_2025"]
[SourceDate "2025.03.12"]
[SourceVersion "1"]
[SourceVersionDate "2025.03.12"]
[SourceQuality "1"]

1. e4 c5 2. Nf3 d6 3. d4 cxd4 4. Qxd4 a6 5. c4 Nc6 6. Qd2 g6 7. Nc3 Bh6 8. Qe2 Bg7 9. Be3 Bg4 10. Qd2 Bxf3 11. gxf3 Nf6 12. Be2 Rc8 13. b3 Qd7 14. Bh6 Bxh6 15. Qxh6 Nd4 16. Rd1 Nxe2 17. Nxe2 Rc5 18. Ng3 b5 19. 0-0 Nh5 20. cxb5 axb5 21. Rc1 Nxg3 22. fxg3 Qc8 23. Rxc5 Qxc5+ 24. Kh1 Kd7 25. Rc1 Qd4 26. Qf4 Rf8 27. Qg4+ f5 28. exf5 Qxg4 29. fxg4 gxf5 30. Rf1 Ke6 31. Kg2 Rf6 32. gxf5+ Rxf5 33. Rxf5 Kxf5 34. Kf3 h5 35. a4 bxa4 36. bxa4 Ke6 37. h3 d5 38. g4 hxg4+ 39. hxg4 Kd6 40. g5 e5 41. g6 Ke6 42. a5 Kf6 43. a6 Kxg6 44. a7 1-0

[Event "Titled Tuesday intern op 11th Feb Early"]
[Site "Chess.com INT"]
[Date "2025.02.11"]
[Round "3"]
[White "Drygalov, Andrey"]
[Black "Javakhadze, Zurab"]
[Result "1-0"]
[WhiteElo "2457"]
[BlackElo "2412"]
[PlyCount "95"]
[EventDate "2025.02.11"]
[EventType "swiss (blitz)"]
[EventRounds "11"]
[EventCountry "USA"]
[SourceTitle "CB09_2025"]
[SourceDate "2025.02.27"]
[SourceVersion "1"]
[SourceVersionDate "2025.02.27"]
[SourceQuality "1"]

1. e4 e5 2. Nf3 Nc6 3. Bc4 Nf6 4. d3 h6 5. 0-0 d6 6. c3 g5 7. Bb3 Bg7 8. Nbd2 0-0 9. Nc4 Ne7 10. Ne3 Be6 11. h4 g4 12. Nh2 h5 13. g3 d5 14. exd5 Nfxd5 15. Re1 Qd7 16. Nc4 Ng6 17. Bc2 f5 18. Bg5 Qf7 19. Nd2 Rae8 20. Nhf1 Bd7 21. Bb3 Bc6 22. Ne3 Kh8 23. Qe2 Qd7 24. Nxd5 Bxd5 25. Bxd5 Qxd5 26. Nb3 Re6 27. Rad1 Rfe8 28. Qe3 b6 29. Bh6 Qd8 30. Bxg7+ Kxg7 31. Nd2 Qf6 32. Nc4 Rf8 33. Rf1 e4 34. Qg5 Qxg5 35. hxg5 f4 36. dxe4 Rxe4 37. b3 Re7 38. Rfe1 Rxe1+ 39. Rxe1 Rf5 40. Re6 fxg3 41. fxg3 Rxg5 42. b4 Rf5 43. Rc6 Rf7 44. a4 Nf8 45. Ne3 Nh7 46. Nd5 Ng5 47. Nf4 Ne4 48. Nxh5+ 1-0

[Event "Titled Tuesday intern op 11th Feb Early"]
[Site "Chess.com INT"]
[Date "2025.02.11"]
[Round "1"]
[White "Nakhbayeva, Guliskhan"]
[Black "Javakhadze, Zurab"]
[Result "0-1"]
[WhiteElo "2326"]
[BlackElo "2412"]
[PlyCount "86"]
[EventDate "2025.02.11"]
[EventType "swiss (blitz)"]
[EventRounds "11"]
[EventCountry "USA"]
[SourceTitle "CB09_2025"]
[SourceDate "2025.02.27"]
[SourceVersion "1"]
[SourceVersionDate "2025.02.27"]
[SourceQuality "1"]

1. c4 e6 2. g3 Nf6 3. Bg2 d5 4. b3 Be7 5. Bb2 0-0 6. d3 d4 7. Nf3 c5 8. 0-0 Nc6 9. e3 e5 10. exd4 exd4 11. Nbd2 Bf5 12. Qb1 h6 13. Re1 Nb4 14. Bf1 Bd6 15. a3 Nc6 16. Qc2 Qd7 17. Rad1 Rfe8 18. Bc1 Rxe1 19. Rxe1 Re8 20. Bg2 Rxe1+ 21. Nxe1 Ne5 22. Ndf3 Qe7 23. Nxe5 Qxe5 24. Nf3 Qe7 25. Kf1 b6 26. Qe2 Qd7 27. Kg1 b5 28. Nd2 a6 29. Ne4 Be7 30. Bf4 bxc4 31. bxc4 Qd8 32. Nxf6+ Bxf6 33. Be4 Bh3 34. Qb2 g5 35. Bd2 Kg7 36. Qb7 Bc8 37. Qc6 h5 38. Qxc5 h4 39. Qd5 Qb6 40. Bxg5 Qb1+ 41. Kg2 h3+ 42. Kf3 Qd1+ 43. Kf4 Qg4# 0-1

[Event "Titled Tuesday intern op 11th Feb Early"]
[Site "Chess.com INT"]
[Date "2025.02.11"]
[Round "5"]
[White "Orzech, Dominik"]
[Black "Javakhadze, Zurab"]
[Result "0-1"]
[WhiteElo "2248"]
[BlackElo "2412"]
[PlyCount "52"]
[EventDate "2025.02.11"]
[EventType "swiss (blitz)"]
[EventRounds "11"]
[EventCountry "USA"]
[SourceTitle "CB08_2025"]
[SourceDate "2025.02.19"]
[SourceVersion "1"]
[SourceVersionDate "2025.02.19"]
[SourceQuality "1"]

1. d4 Nf6 2. Nf3 e6 3. c4 b6 4. g3 Bb7 5. Bg2 Bb4+ 6. Bd2 Bxd2+ 7. Nbxd2 0-0 8. 0-0 d6 9. Qc2 Nbd7 10. e4 e5 11. d5 a5 12. b3 g6 13. a3 Nh5 14. b4 f5 15. Rfc1 Qf6 16. Ne1 Qf7 17. Nd3 Ndf6 18. f3 Qg7 19. c5 Qh6 20. Re1 axb4 21. axb4 Rxa1 22. Rxa1 Qe3+ 23. Kh1 fxe4 24. fxe4 Ng4 25. Nf1 Qxd3 26. Qxd3 Nf2+ 0-1

[Event "Titled Tuesday intern op 04th Feb Early"]
[Site "Chess.com INT"]
[Date "2025.02.04"]
[Round "10"]
[White "Galchenko, Matvey"]
[Black "Javakhadze, Zurab"]
[Result "1-0"]
[WhiteElo "2438"]
[BlackElo "2412"]
[PlyCount "125"]
[EventDate "2025.02.04"]
[EventType "swiss (blitz)"]
[EventRounds "11"]
[EventCountry "USA"]
[SourceTitle "CB07_2025"]
[SourceDate "2025.02.12"]
[SourceVersion "1"]
[SourceVersionDate "2025.02.12"]
[SourceQuality "1"]

1. f4 Nf6 2. Nf3 d5 3. g3 g6 4. Bg2 Bg7 5. 0-0 0-0 6. d3 c5 7. Ne5 b6 8. a4 a6 9. Nc3 Bb7 10. e4 dxe4 11. dxe4 Nc6 12. Nxc6 Bxc6 13. e5 Bxg2 14. exf6 Bxf1 15. fxg7 Kxg7 16. Qxf1 Qd4+ 17. Qf2 Qxf2+ 18. Kxf2 Rfd8 19. Be3 Rac8 20. Ne4 Rc6 21. a5 f5 22. Ng5 b5 23. Re1 c4 24. c3 h6 25. Nf3 Rcd6 26. Bd4+ Kf8 27. Ne5 Re6 28. Nd7+ Kf7 29. Ne5+ Kf8 30. Kf3 Ke8 31. h4 Rdd6 32. Re2 Rd5 33. h5 g5 34. Re3 g4+ 35. Kf2 Rd8 36. Nxg4 Rxe3 37. Nxe3 e6 38. Ng2 Rd5 39. Nh4 Kf7 40. Nf3 Ke8 41. Ke3 Rd8 42. Bg7 Kf7 43. Bxh6 Rh8 44. Ne5+ Kf6 45. Bg5+ Kg7 46. h6+ Kh7 47. Nc6 Rc8 48. Nd4 Rb8 49. Nxe6 Re8 50. Kd4 Rxe6 51. Kc5 Re2 52. Kb6 Rxb2 53. Kxa6 b4 54. cxb4 c3 55. Bf6 Rb3 56. Bxc3 Rxc3 57. b5 Rxg3 58. b6 Rb3 59. Kb7 Kxh6 60. a6 Kh5 61. a7 Kg4 62. a8Q Kxf4 63. Qa4+ 1-0

[Event "Titled Tuesday intern op 21st Jan Late"]
[Site "Chess.com INT"]
[Date "2025.01.21"]
[Round "4"]
[White "Collins, Adam"]
[Black "Javakhadze, Zurab"]
[Result "0-1"]
[WhiteElo "2187"]
[BlackElo "2412"]
[PlyCount "90"]
[EventDate "2025.01.21"]
[EventType "swiss (blitz)"]
[EventRounds "11"]
[EventCountry "USA"]
[SourceTitle "CB05_2025"]
[SourceDate "2025.01.29"]
[SourceVersion "1"]
[SourceVersionDate "2025.01.29"]
[SourceQuality "1"]

1. Nf3 Nf6 2. e3 b6 3. b3 Bb7 4. Bb2 e6 5. Be2 Be7 6. 0-0 0-0 7. c4 c5 8. d4 cxd4 9. Nxd4 d5 10. Nc3 dxc4 11. Bxc4 Nbd7 12. Rc1 Ne5 13. Be2 Rc8 14. Nf3 Bxf3 15. Bxf3 Nd3 16. Qe2 Nxc1 17. Rxc1 Bb4 18. Rd1 Qe7 19. Nb5 Rfe8 20. Nd4 Ba3 21. Ba1 Red8 22. Rf1 Rd7 23. Qa6 Rf8 24. Nc6 Qd6 25. Be5 Qc5 26. Bd4 Qd6 27. Be5 Qc5 28. Bd4 Rxd4 29. exd4 Qd6 30. Qxa7 b5 31. Rd1 Bb2 32. Qe7 Qf4 33. Qc5 g5 34. Qe5 Kg7 35. Qxf4 gxf4 36. g3 fxg3 37. hxg3 Ra8 38. Nb4 Ra7 39. d5 exd5 40. Nxd5 Rxa2 41. Nxf6 Bxf6 42. Rd5 b4 43. Rd7 Bc3 44. Bd5 Be1 45. Rxf7+ Kg6 0-1

[Event "Titled Tuesday intern op 21st Jan Late"]
[Site "Chess.com INT"]
[Date "2025.01.21"]
[Round "6"]
[White "Javakhadze, Zurab"]
[Black "Perez Ponsa, Federico"]
[Result "0-1"]
[WhiteElo "2412"]
[BlackElo "2528"]
[PlyCount "74"]
[EventDate "2025.01.21"]
[EventType "swiss (blitz)"]
[EventRounds "11"]
[EventCountry "USA"]
[SourceTitle "CB05_2025"]
[SourceDate "2025.01.29"]
[SourceVersion "1"]
[SourceVersionDate "2025.01.29"]
[SourceQuality "1"]

1. Nf3 Nf6 2. c4 g6 3. g3 Bg7 4. Bg2 0-0 5. 0-0 d6 6. d4 Nc6 7. Nc3 e5 8. e4 Bg4 9. d5 Nd4 10. Qd3 Nd7 11. Ne1 Nc5 12. Qe3 f5 13. f3 f4 14. Qf2 Bd7 15. b4 Na6 16. a3 c5 17. b5 Nc7 18. Nd3 g5 19. a4 a5 20. gxf4 exf4 21. e5 Bf5 22. Ne4 Bxe4 23. fxe4 Bxe5 24. Nxe5 dxe5 25. Bh3 Ne8 26. Kh1 Nd6 27. Rg1 Kh8 28. Qg2 Rg8 29. Be6 Rg7 30. Bb2 b6 31. Qh3 Qf6 32. Rac1 Nxe4 33. Qg2 f3 34. Qf1 Rf8 35. Bxd4 exd4 36. Rc2 Qf4 37. Rg4 Qe3 0-1

[Event "Titled Tuesday intern op 21st Jan Late"]
[Site "Chess.com INT"]
[Date "2025.01.21"]
[Round "2"]
[White "Javakhadze, Zurab"]
[Black "Yordanov, Nikolay Plamenov"]
[Result "1-0"]
[WhiteElo "2412"]
[BlackElo "2222"]
[PlyCount "99"]
[EventDate "2025.01.21"]
[EventType "swiss (blitz)"]
[EventRounds "11"]
[EventCountry "USA"]
[SourceTitle "CB05_2025"]
[SourceDate "2025.01.29"]
[SourceVersion "1"]
[SourceVersionDate "2025.01.29"]
[SourceQuality "1"]

1. d4 Nf6 2. c4 g6 3. Nc3 Bg7 4. e4 d6 5. Nf3 0-0 6. Be2 e5 7. Be3 Ng4 8. Bg5 f6 9. Bc1 f5 10. 0-0 Nc6 11. dxe5 Ngxe5 12. Nxe5 Nxe5 13. exf5 Bxf5 14. Qd5+ Rf7 15. Qxb7 c6 16. Qb3 Qh4 17. Be3 Be6 18. Qc2 Bxc4 19. f3 Bxe2 20. Nxe2 Re8 21. Bf2 Qe7 22. Ng3 c5 23. Rad1 Nc6 24. b3 Nd4 25. Qc4 Kh8 26. Ne4 Be5 27. Rfe1 Ref8 28. Qd5 Qc7 29. Nxc5 Bxh2+ 30. Kxh2 dxc5+ 31. Kg1 Nf5 32. Bxc5 Rg8 33. Re5 h6 34. Rde1 Kh7 35. Re8 Rgg7 36. b4 Nh4 37. Qd6 Qb7 38. Qd8 g5 39. Rh8+ Kg6 40. Qd3+ Nf5 41. Re6+ Rf6 42. Rxf6+ Kxf6 43. Rf8+ Rf7 44. Qd8+ Kg6 45. Rg8+ Kh5 46. g4+ Kh4 47. Bf2+ Kh3 48. Qd3 Nh4 49. Qf1+ Ng2 50. Qxg2# 1-0

[Event "Titled Tuesday intern op 07th Jan Early"]
[Site "Chess.com INT"]
[Date "2025.01.07"]
[Round "6"]
[White "Molina, Roberto Junio Brito"]
[Black "Javakhadze, Zurab"]
[Result "1-0"]
[WhiteElo "2385"]
[BlackElo "2412"]
[PlyCount "43"]
[EventDate "2025.01.07"]
[EventType "swiss (blitz)"]
[EventRounds "11"]
[EventCountry "USA"]
[SourceTitle "CB03_2025"]
[SourceDate "2025.01.15"]
[SourceVersion "1"]
[SourceVersionDate "2025.01.15"]
[SourceQuality "1"]

1. d4 Nf6 2. c4 e6 3. Nf3 Bb4+ 4. Bd2 Bxd2+ 5. Qxd2 d5 6. Nc3 0-0 7. e3 Qe7 8. Rc1 Rd8 9. Qc2 c6 10. Bd3 Nbd7 11. 0-0 dxc4 12. Bxc4 e5 13. Rfe1 h6 14. Rcd1 b5 15. dxe5 Ng4 16. e6 bxc4 17. exd7 Bxd7 18. Qe4 Qb4 19. Rxd7 Rxd7 20. Qxg4 Rad8 21. Ne5 Rd5 22. Nxc6 1-0

[Event "Titled Tuesday intern op 24th Sep Late"]
[Site "Chess.com INT"]
[Date "2024.09.24"]
[Round "2"]
[White "Javakhadze, Zurab"]
[Black "Fernandez Siles, Luis"]
[Result "1-0"]
[WhiteElo "2417"]
[BlackElo "2189"]
[PlyCount "51"]
[EventDate "2024.09.24"]
[EventType "swiss (blitz)"]
[EventRounds "11"]
[EventCountry "USA"]
[SourceTitle "EXT 2025"]
[Source "ChessBase"]
[SourceDate "2024.10.14"]
[SourceVersion "1"]
[SourceVersionDate "2024.10.14"]
[SourceQuality "1"]

1. Nf3 c5 2. e4 Nc6 3. Bb5 e6 4. Bxc6 bxc6 5. 0-0 f6 6. e5 fxe5 7. Nxe5 Nf6 8. d4 Qc7 9. Bf4 d6 10. Nc4 Ba6 11. Nba3 cxd4 12. Qxd4 0-0-0 13. Bg3 e5 14. Qe3 Be7 15. Rfe1 Nd5 16. Qb3 Nf4 17. Bxf4 exf4 18. Qa4 Bxc4 19. Nxc4 Bf6 20. Na5 Kd7 21. Rad1 Rhe8 22. Rxe8 Rxe8 23. Nb3 Re5 24. Qxf4 d5 25. Nc5+ Ke7 26. Nd3 1-0